000 00776nam a2200253 a 4500
999 _c5902
_d5902
001 5902
003 BD-JhCC
005 20171231135013.0
008 171014s1996 bg |||| |||| 00| 0 ben d
020 _a9840735080
035 _a(BD-JhCC)5902
040 _aBD-JhCC
_dBD-JhCC
041 _aben
082 _a822.23
_bMIL 1996
100 _aমিলার, আর্থার
245 _aচরম পরীক্ষা /
_cআর্থার মিলার; তাহমিনা আহমেদ (অনু.)
260 _aঢাকা :
_bবাংলা একাডেমী,
_c1996.
300 _a124 p. :
_c21 cm.
650 _aEnglish Drama
650 _aTreatment
700 _aআহমেদ, তাহমিনা
942 _2ddc
_cBK